000 01339naa a22003857a 4500
001 BR8003012
003 BR-BrBNA
005 20240918174601.0
007 ta
008 230509b bl.||||| |||| 00| 0 por d
040 _aBR-BrBNA
_bpor
_cBiblioteca Nacional de Agricultura
041 _a(Pt)
072 _aH20; H10
_b1410
_b4150
_b4020
_b3877
_bG514
090 _aH20 BR8003012
100 1 _aCosta, A.F. da
100 1 _aAraujo, A.D. de
100 1 _aMiranda, P.
100 1 _aLima, G.R. de A.
100 1 _aFerraz, I.
100 1 _aPortela, M.C.L. da S.
245 1 _aAspectos fitossanitarios da cultura do feijoeiro no estado de Pernambuco [Phaseolus vulgaris; Virose vegetal; Cigarrinha verde; Inseticida; Controle quimico; Brasil]
260 3 _aRecife, PE (Brasil):
_c1980.
500 _aProjeto Feijao. Relatorio Anual de Pesquisa 1979 Recife, PE (Brasil): 1980. p. 34-46 (BR8003012-AM)H20
650 _aProducao vegetal
650 _aFeijao
650 _aVirose vegetal
650 _aCigarrinha verde
650 _aInseticida
650 _aControle quimico
650 _aTratamento fitossanitario
650 _aPernambuco
773 0 _tProjeto Feijao. Relatorio Anual de Pesquisa 1979
_wH20 BR8003012
_gRecife, PE (Brasil), 1980. p. 34-46
909 _a202404
_bLucia
_c55
_dLucia Elande
942 _cAM
_2AGRIS
999 _c312160
_d312160